Pick the Number Blitz Quiz Stats

 Plays Quiz Updated Jan 17, 2018

Challenge
Share
Tweet
Embed
Score 0/45 Timer 01:30
1 Play Today
Question Answer Wrong Answers
Pick the number. ???
80%
???
0%
???
0.1%
???
0.1%
Pick the number. ???
80%
???
0%
???
0.1%
???
0%
Pick the number. ???
79.9%
???
0.1%
???
0.1%
???
0%
Pick the number. ???
79.9%
???
0.1%
???
0.1%
???
0%
Pick the number. ???
79.9%
???
0.1%
???
0.1%
???
0.2%
Pick the number. ???
79.8%
???
0%
???
0.1%
???
0.1%
Pick the number. ???
79.8%
???
0.1%
???
0.1%
???
0.1%
Pick the number. ???
79.8%
???
0%
???
0%
???
0%
Pick the number. ???
79.8%
???
0.1%
???
0.1%
???
0.4%
Pick the number. ???
79.8%
???
0.1%
???
0.1%
???
0%
Pick the number. ???
79.8%
???
0.1%
???
0.1%
???
0.1%
Pick the number. ???
79.8%
???
0.1%
???
0.1%
???
0.1%
Pick the number. ???
79.7%
???
0.2%
???
0%
???
0.1%
Pick the number. ???
79.7%
???
0.1%
???
0.1%
???
0%
Pick the number. ???
79.7%
???
0%
???
0.1%
???
0.3%
Pick the number. ???
79.7%
???
0.1%
???
0.1%
???
0%
Pick the number. ???
79.6%
???
0%
???
0.4%
???
0.2%
Pick the number. ???
79.6%
???
0.1%
???
0.1%
???
0.1%
Pick the number. ???
79.6%
???
0%
???
0%
???
0.1%
Pick the number. ???
79.6%
???
0%
???
0.1%
???
0.1%
Pick the number. ???
79.6%
???
0.1%
???
0.2%
???
0%
Pick the number. ???
79.6%
???
0%
???
0.1%
???
0%
Pick the number. ???
79.5%
???
0.1%
???
0.3%
???
0.2%
Pick the number. ???
79.6%
???
0%
???
0.1%
???
0.3%
Pick the number. ???
79.5%
???
0.1%
???
0.3%
???
0.2%
Pick the number. ???
79.5%
???
0%
???
0.6%
???
0%
Pick the number. ???
79.5%
???
0%
???
0.1%
???
0.1%
Pick the number. ???
79.5%
???
0.1%
???
0%
???
0.1%
Pick the number. ???
79.5%
???
0.1%
???
0.4%
???
0.1%
Pick the number. ???
79.5%
???
0%
???
0.1%
???
0.2%
Pick the number. ???
79.4%
???
0.3%
???
0%
???
0%
Pick the number. ???
79.4%
???
0%
???
0.6%
???
0.1%
Pick the number. ???
79.3%
???
0.5%
???
0%
???
0.3%
Pick the number. ???
79.3%
???
0%
???
0%
???
0.2%
Pick the number. ???
79.2%
???
0%
???
0.5%
???
0%
Pick the number. ???
79.2%
???
0.2%
???
0.1%
???
0.4%
Pick the number. ???
79.1%
???
0.1%
???
0.5%
???
0.1%
Pick the number. ???
79%
???
0.1%
???
0.8%
???
0.2%
Pick the number. ???
78.9%
???
0%
???
0.1%
???
0.6%
Pick the number. ???
78.9%
???
0.1%
???
0.5%
???
0.1%
Pick the number. ???
78.8%
???
0%
???
0.1%
???
1.5%
Pick the number. ???
78.2%
???
0.1%
???
0.1%
???
2.2%
Pick the number. ???
78.2%
???
0%
???
2%
???
0%
Pick the number. ???
77.7%
???
0.4%
???
2.3%
???
0.1%
Pick the number. ???
75.4%
???
0.6%
???
1%
???
4.5%

You're not logged in!

Compare scores with friends on all Sporcle quizzes.
OR
Log In

You Might Also Like...

Show Comments

Extras

Top Quizzes Today


Score Distribution

Your Account Isn't Verified!

In order to create a playlist on Sporcle, you need to verify the email address you used during registration. Go to your Sporcle Settings to finish the process.

Report this User

Report this user for behavior that violates our Community Guidelines.

Details: